000 01859nam2a2200301 4500
001 RU\NLR\BIBL_A\012378107
005 20251007111709.0
010 _a978-5-6044443-6-8
_910000
021 _aRU
_bКН-П-20-037146
_9КН-П-20-2813
035 _a(NLR Aleph) 012378107
035 _a(RuMoRGB)010368753
090 _a11611229
_c11611229
100 _a20201015d2020 c y0rusy50 ca
101 0 _arus
102 _aRU
105 _aa z 000ay
200 0 _a2
_fотв. ред.: Юлия Петрова, Евгения Садовская
_gиллюстраторы: Александра Беляева и др.
_g3D-художники: Валерия Князева и др.]
210 _d2020
215 _a61, [2] с.
_cцв. ил.
327 1 _aСодерж.: Три поросёнка. Волк и семеро козлят. Три медведя. Теремок
333 _a0+
461 0 _1001RU\NLR\BIBL_A\012239802
_12001#$aСказки в дополненной реальности$eсборник$e[4D книга$eдля детей младшего школьного возраста$fотв. ред.: Юлия Петрова и др.$gиллюстраторы: Сергей Садов и др.$g3D-художники: Александр Плотников и др.]$v2
_911026064
_cТула
_d2019
_fотв. ред.: Юлия Петрова и др.
_nДэвар Медиа
_oсборник : [4D книга : для детей младшего школьного возраста
_tСказки в дополненной реальности
_v2
702 1 _4440
_7ca
_8rus
_aБеляева
_bА.
_cиллюстратор
_gАлександра
_9222610
_3RU\NLR\AUTH\770222666
702 1 _aКнязева
_bВ.
_gВалерия
_4040
942 _cBOOK
980 _aNB